Guess the Sabrina Carpenter song 2 (no hints) - Statistics

General Stats
  • This quiz has been taken 115 times
  • The average score is 198 of 371
Answer Stats
Answer % Correct
I
100%
"I
100%
you
97%
a
92%
an
86%
me
86%
And
85%
and
85%
the
82%
to
80%
He
75%
he
75%
on
73%
so
73%
my
72%
it,
71%
it
71%
then
71%
We
71%
we
71%
I'm
70%
like,
70%
that
67%
in
66%
want
62%
Don't
61%
were
58%
hear
57%
have
56%
If
56%
if
56%
of
54%
But
52%
but
52%
can't
49%
say
49%
he's
48%
his
48%
there
48%
think
48%
time
48%
why
48%
with
48%
him
47%
him,
47%
mind
46%
see
46%
Some
46%
some
46%
how
44%
every
43%
get
43%
never
43%
Right
42%
Not
41%
not
41%
saw
41%
that's
41%
bitch
39%
call
39%
could
39%
doesn't
39%
lying
39%
son
39%
thing
39%
back
38%
guess
38%
kissed"
38%
our
38%
over
38%
should
38%
"baby"
37%
didn't
37%
keep
37%
maybe
37%
arms
35%
From
35%
I'll
35%
therapist
35%
tornado
35%
warnings
35%
hold
34%
Now
34%
saying
34%
things
34%
exist
33%
Ignoring
32%
park
32%
last
30%
sometimes
30%
sometimes,
30%
out,
29%
quickly
29%
without
29%
dark
28%
feelings
28%
I'd
28%
missing
28%
relationship
28%
somehow
28%
step
27%
logically
25%
understand
25%
arc
24%
convince
24%
myself
24%
onto
24%
rhythm
24%
stumble
24%
Talkin'
24%
wish
24%
yours,
24%
gonna
23%
pages
22%
left
20%
seesaw
20%
still
20%
stop
20%
crazy
19%
drive
19%
home,
19%
teetering
19%
basement
18%
consideration,
18%
deserve
18%
hour
18%
speak
15%
week
15%
own
14%
focus
13%
kept
13%
obsessed
13%
thoughts
13%
No matching quizzes found
Score Distribution
Percent of People with Each Score
Percentile by Number Answered
Your Score History
You have not taken this quiz